000 00452nam a2200181Ia 4500
008 230711s9999||||xx |||||||||||||| ||und||
020 _a978-81-203-4085-5
041 _aENG
082 _a621.319
_bKO-P
100 _aKothari,D.P
245 0 _aPower system optimization
250 _a2nd Ed.
260 _c2011
_aNew Delhi
_bPHI Learning Private Limited
300 _a708
650 _aElectrical Engineering
700 _aDhillon,J.S
942 _cBK
999 _c4439
_d4439